| 000 | 00422cam a22001337a 4500 | ||
|---|---|---|---|
| 008 | 180718b xxu||||| |||| 00| 0 eng d | ||
| 082 | _aYA58x5411 K132/1 | ||
| 100 | _aKanjilal, U.N. | ||
| 245 |
_aFlora of Assam _cby U.N. Kanjila, P.C. Kanilal and A.Das |
||
| 260 |
_aCalcutta _bPrabasi Press _c |
||
| 500 | _aContents : Library has 1934( v.1), 1938(v.2),1939( v.3),1940(v.4),v.5 | ||
| 700 | _aDas, A | ||
| 700 | _aKanilal, P.C. | ||
| 999 |
_c499268 _d499268 |
||